| 000 | 00528nab a2200169 a 4500 | ||
|---|---|---|---|
| 005 | 20210219155116.0 | ||
| 008 | 991125s1985 mx 000 0 spa u | ||
| 035 | _aUPN01000138708 | ||
| 100 | 1 | _aLavie Martínez, José Manuel | |
| 222 | _aREVISTA ESPAÑOLA DE PEDAGOGIA | ||
| 245 | _aIndividualismo y privacidad en la cultura docente : revisando los argumentos | ||
| 300 | _9439-453 | ||
| 362 | 0 | _a2004 Año 62, no. 229, sept.-dic. | |
| 653 | 0 | _aINDIVIDUALISMO DOCENTE | |
| 653 | 0 | _aIDENTIDAD DOCENTE | |
| 905 | _aArticulo | ||
| 999 |
_c110856 _d110856 |
||